Prevođenje na "male" jezike u procesu globalizacije
Enregistré dans:
| Auteur principal: | |
|---|---|
| Format: | Chapitre de livre |
| Langue: | croate |
| Tags: |
Pas de tags, Soyez le premier à ajouter un tag!
|
MARC
| LEADER | 00000naa$a2200000$$$4500 | ||
|---|---|---|---|
| 001 | 0064380 | ||
| 005 | 20240502083155.0 | ||
| 041 | 0 | |a hrv | |
| 044 | |a HR | ||
| 245 | 1 | 0 | |a Prevođenje na "male" jezike u procesu globalizacije |c Milada Pauleová |
| 100 | 1 | |a Pauleová, Milada | |